BIBLIOTHÈQUE DE LA MAISON DU MEXIQUE

Logo 1 Logo 2

Les chicanos aux Etats-Unis (notice nᵒ 12516)

détails MARC
000 -Sello discográfico
campo de control de longitud fija 00863nam a2200301 4500
005 - Identificación de versión
campo de control 20251016083230.0
010 ## - Número Estándar Internacional de Libros (ISBN)
Número (ISBN) 2-7384-7180-3
035 ## - Otros números de control del sistema
Número de control del sistema 27517
099 ## - fechas locales
Tipo de ítem Koha LIBRO
100 ## - Datos de procesamiento general
Datos de procesamiento general 20010102d1998 m y1spay5003 ba
105 ## - Campo de datos codificados: Material textual, monográfico
Datos codificados de monografía y 001zy
200 1# - Título y mención de responsabilidad
Título propio Les chicanos aux Etats-Unis
Designación general del material texto impreso
Otra información del título Etrangers dans leur propre pays?
Primer mención de responsabilidad Ada Savin
210 ## - Publicación, distribución, etc.
Lugar de publicación, distribución, etc. Paris
Nombre del editor, distribuidor, etc. Editions L'Harmattan
Fecha de publicación, distribución, etc. 1998
215 ## - Descripción física
Designación de material específico y extensión del ítem 194 p
Dimensiones 22 cm
345 ## - Nota de información de adquisición
Fuente de adquisición/dirección de la suscripción [OBSOLETO] Compra
410 #1 - Series
Título L'aire anglophone
606 ## - Término temático usado como materia
Elemento de entrada Mexicano-americanos
Número Koha 5176
606 ## - Término temático usado como materia
Elemento de entrada Minorías
Subdivisión geográfica Estados Unidos
Número Koha 19242
660 ## - Código de área geográfica
Código MX
700 ## - Nombre personal - Responsabilidad primaria
Elemento de entrada Savin
Parte del nombre distinta del elemento de entrada Ada
Número Koha 19243
801 #0 - Fuente de origen
Agencia cm
900 ## -
-- 1/954
900 ## -
-- 7100112736\020101
942 ## - ELEMENTOS DE ENTRADA SECUNDARIOS (KOHA)
Tipo de ítem Koha Livre
996 ## -
-- MEX
-- 751145101
-- MMAG
-- 004368
-- 301.45 S267C
-- 20210105LIV
Exemplaires
Estatus retirado Estado de daño Estado de pérdida Fecha de adquisición Biblioteca de origen Biblioteca actual Ubicación en estantería Código de barras Precio de reemplazo Signatura topográfica completa No para préstamo Tipo de ítem Koha Nota pública Nota no pública
      05/08/2025 Casa México Paris Casa México Paris   004368 05/08/2025 301.45 S267C   Livre 20210105LIV 751145101